|
|
|
|
| LEADER |
02633nam a2200529 i 4500 |
| 001 |
EBC3572402 |
| 003 |
MiAaPQ |
| 005 |
20200520144314.0 |
| 006 |
m o d | |
| 007 |
cr cnu|||||||| |
| 008 |
150814t20052005gw o 001 0 ger d |
| 020 |
|
|
|z 9783598117336
|
| 020 |
|
|
|a 9783110929232 (e-book)
|
| 035 |
|
|
|a (MiAaPQ)EBC3572402
|
| 035 |
|
|
|a (Au-PeEL)EBL3572402
|
| 035 |
|
|
|a (CaPaEBR)ebr11084524
|
| 035 |
|
|
|a (CaONFJC)MIL814600
|
| 035 |
|
|
|a (OCoLC)932327851
|
| 040 |
|
|
|a MiAaPQ
|b eng
|e rda
|e pn
|c MiAaPQ
|d MiAaPQ
|
| 043 |
|
|
|a e-ge---
|
| 050 |
|
4 |
|a DD257
|b .P655 2005
|
| 082 |
0 |
|
|a 940.5314
|2 23
|
| 245 |
0 |
4 |
|a Die politik der Sowjetischen Militaradministration in Deutschland (SMAD) :
|b kultur, wissenschaft und bildung 1945-1949 : ziele, methoden, ergebnisse. Dokumente aus russischen archiven /
|c herausgegeben von Horst Moller und Alexandr O. Tschubaijan ; in Zusammenarbeit mit Wladimir P. Koslow, Sergei W. Mironenko und Hartmut Weber ; verantwortliche bearbeiter, Jan Foitzik, Natalja R. Timofejewa.
|
| 264 |
|
1 |
|a Munich, Germany :
|b K. G. Saur,
|c 2005.
|
| 264 |
|
4 |
|c 2005
|
| 300 |
|
|
|a 1 online resource (468 pages)
|
| 336 |
|
|
|a text
|2 rdacontent
|
| 337 |
|
|
|a computer
|2 rdamedia
|
| 338 |
|
|
|a online resource
|2 rdacarrier
|
| 490 |
1 |
|
|a Texte und Materialien zur Zeitgeschichte ;
|v Band 15
|
| 500 |
|
|
|a Includes index.
|
| 588 |
|
|
|a Description based on online resource; title from PDF title page (ebrary, viewed August 15, 2015).
|
| 590 |
|
|
|a Electronic reproduction. Ann Arbor, MI : ProQuest, 2016. Available via World Wide Web. Access may be limited to ProQuest affiliated libraries.
|
| 650 |
|
0 |
|a Military government
|z Germany (East)
|v Sources.
|
| 650 |
|
0 |
|a Politics and culture
|z Germany (East)
|v Sources.
|
| 655 |
|
4 |
|a Electronic books.
|
| 700 |
1 |
|
|a Moller, Horst,
|e editor.
|
| 700 |
1 |
|
|a Tschubaijan, Alexandr O.,
|e editor.
|
| 700 |
1 |
|
|a Koslow, Wladimir P.,
|e contributor.
|
| 700 |
1 |
|
|a Mironenko, Sergei W.,
|e contributor.
|
| 700 |
1 |
|
|a Weber, Hartmut,
|e contributor.
|
| 700 |
1 |
|
|a Foitzik, Jan,
|e editor.
|
| 700 |
1 |
|
|a Timofejewa, Natalja R.,
|e editor.
|
| 776 |
0 |
8 |
|i Print version:
|t Politik der Sowjetischen Militaradministration in Deutschland (SMAD) : kultur, wissenschaft und bildung 1945-1949 : ziele, methoden, ergebnisse. Dokumente aus russischen archiven.
|d Munich, Germany : K. G. Saur, c2005
|h 468 pages
|k Texte und Materialien zur Zeitgeschichte ; Band 15.
|z 9783598117336
|
| 797 |
2 |
|
|a ProQuest (Firm)
|
| 830 |
|
0 |
|a Texte und Materialien zur Zeitgeschichte ;
|v Band 15.
|
| 856 |
4 |
0 |
|u https://ebookcentral.proquest.com/lib/matrademy/detail.action?docID=3572402
|z Click to View
|